[Event "Frankfurt Ch A 2018"]
[Site "Ffm-Höchst, BiKuZ"]
[Date "2018.05.28"]
[Round "4.10"]
[White "Nehmert, Ulrich"]
[Black "Kretner, Georg-Ulrich"]
[Result "1-0"]
[WhiteElo "2149"]
[BlackElo "1850"]
[PlyCount "83"]
[EventDate "2018.??.??"]
[WhiteTeam "Wiesbadener SV"]
[BlackTeam "SC Bad Nauheim"]

1. e4 g6 2. Bc4 d6 3. d4 Nf6 4. Nc3 Bg7 5. Nf3 O-O 6. h3 Nxe4 7. Nxe4 d5 8. Bd3
dxe4 9. Bxe4 c5 10. dxc5 Qa5+ 11. c3 Qxc5 12. O-O e5 13. Bd5 h6 14. Re1 Nd7 15.
Be3 Qc7 16. Qd2 Kh7 17. c4 Nc5 18. Bxc5 Qxc5 19. Nxe5 Be6 20. Rad1 Rad8 21. Nd3
Qd4 22. Re4 Qb6 23. Bxe6 fxe6 24. Qe2 e5 25. Rf1 Qd6 26. Nxe5 Qd2 27. Nf3 Qb4
28. b3 Rd7 29. Re6 Rf6 30. Rxf6 Bxf6 31. Qe6 Qe7 32. Qxe7+ Rxe7 33. Rd1 Kg7 34.
Kf1 Kf7 35. Rd6 Bc3 36. g4 Bb4 37. Rd5 b6 38. Ne5+ Kf6 39. f4 Bc3 40. Rd6+ Re6
41. Rxe6+ Kxe6 42. Nxg6 1-0

[Event "Frankfurt Ch A 2018"]
[Site "Ffm-Höchst, BiKuZ"]
[Date "2018.05.28"]
[Round "4.12"]
[White "Ochmann, Reimund"]
[Black "Weber, Samuel"]
[Result "0-1"]
[WhiteElo "1899"]
[BlackElo "2119"]
[PlyCount "132"]
[EventDate "2018.??.??"]
[WhiteTeam "SK Langen"]
[BlackTeam "SV Oberursel"]

1. e4 e5 2. Nf3 Nc6 3. Bc4 Bc5 4. d3 Nf6 5. c3 O-O 6. Bb3 d5 7. exd5 Nxd5 8. h3
Nb6 9. O-O Bf5 10. Bc2 Qd7 11. b4 Bd6 12. Re1 f6 13. a3 Kh8 14. c4 Be7 15. Nh4
Be6 16. Nf3 Rad8 17. Be3 Bf5 18. b5 Nb8 19. c5 Nd5 20. d4 Bxc2 21. Qxc2 Qxb5
22. Nc3 Qc4 23. Rac1 exd4 24. Nxd5 Qxc2 25. Rxc2 Rxd5 26. Bxd4 Nc6 27. Be3 Rd3
28. Rb1 Rb8 29. Bf4 Bd8 30. Re1 g5 31. Bc1 Kg7 32. Bb2 Kf7 33. Rc4 Be7 34. h4
h6 35. Rb1 Rbd8 36. Bc1 Na5 37. Rc2 Rd1+ 38. Kh2 R8d5 39. Rb5 b6 40. Be3 c6 41.
Rb4 b5 42. a4 a6 43. axb5 axb5 44. hxg5 hxg5 45. Nd4 Bxc5 46. Nxc6 Nxc6 47.
Bxc5 Nxb4 48. Bxb4 Rb1 49. Rc7+ Ke6 50. Bf8 b4 51. g4 Rd7 52. Rc6+ Ke5 53. Rb6
b3 54. Bb4 Rd3 55. Be7 f5 56. gxf5 Kxf5 57. Rb5+ Ke4 58. Bxg5 Rd5 59. Rb4+ Kd3
60. Bf6 Rf5 61. Rd4+ Ke2 62. Bh4 b2 63. Rb4 Rh5 64. Kg2 Rxh4 65. f4 Rg4+ 66.
Kh2 Kf2 0-1

[Event "Frankfurt Ch A 2018"]
[Site "Ffm-Höchst, BiKuZ"]
[Date "2018.05.28"]
[Round "4.13"]
[White "Henrich, David"]
[Black "Kuhn, Gerhard"]
[Result "1-0"]
[WhiteElo "2079"]
[BlackElo "1927"]
[PlyCount "49"]
[EventDate "2018.??.??"]
[WhiteTeam "Frankfurter TV"]
[BlackTeam "SK Marburg"]

1. c4 Nf6 2. Nf3 g6 3. Nc3 d5 4. e3 Bg7 5. Qb3 c6 6. cxd5 Nxd5 7. Bc4 e6 8. a4
a5 9. d4 O-O 10. O-O Na6 11. e4 Ndb4 12. Bg5 Qe8 13. e5 h6 14. Ne4 hxg5 15.
Nfxg5 f6 16. Nxe6 Nd5 17. Nxf8 Kxf8 18. Nd6 Qe7 19. Bxd5 cxd5 20. Nxc8 Rxc8 21.
exf6 Qxf6 22. Qxb7 Qc6 23. Qb5 Bxd4 24. Rad1 Bb6 25. Qxa6 1-0

[Event "Frankfurt Ch A 2018"]
[Site "Ffm-Höchst, BiKuZ"]
[Date "2018.05.28"]
[Round "4.14"]
[White "Sandten, Ulrich"]
[Black "Vega Lopez de Nava, Cesar Octavio"]
[Result "1-0"]
[WhiteElo "2074"]
[BlackElo "1901"]
[PlyCount "59"]
[EventDate "2018.??.??"]
[WhiteTeam "VSG Offenbach"]
[BlackTeam "SC Flörsheim"]

1. d4 e6 2. Nf3 d5 3. e3 Nf6 4. Bd3 Be7 5. O-O O-O 6. Nbd2 Nbd7 7. Re1 b6 8.
Ne5 Nxe5 9. dxe5 Nd7 10. f4 Bh4 11. Rf1 Nc5 12. Be2 Ba6 13. b4 Bxe2 14. Qxe2
Nb7 15. Bb2 Be7 16. a3 a6 17. Rad1 c5 18. Qh5 Qc7 19. c4 dxc4 20. Ne4 Rfd8 21.
Qg4 Kh8 22. Qh5 Rxd1 23. Rxd1 Bf8 24. Ng5 h6 25. Nxf7+ Kg8 26. Nxh6+ gxh6 27.
Qg6+ Bg7 28. Qxe6+ Kh8 29. Rd7 Nd8 30. Qe8+ 1-0

[Event "Frankfurt Ch A 2018"]
[Site "Ffm-Höchst, BiKuZ"]
[Date "2018.05.28"]
[Round "4.15"]
[White "Rondonuwu, Grover"]
[Black "Makilla, Tobias"]
[Result "1-0"]
[WhiteElo "2036"]
[BlackElo "1900"]
[PlyCount "61"]
[EventDate "2018.??.??"]
[WhiteTeam "Frankfurter TV"]
[BlackTeam "SC Hattersheim"]

1. d4 d5 2. c4 Nc6 3. Bf4 Bf5 4. Nc3 e6 5. e3 Nf6 6. Nf3 Bd6 7. Bg5 Be7 8. Bxf6
Bxf6 9. cxd5 exd5 10. Qb3 Ne7 11. Qxb7 O-O 12. Qa6 Rb8 13. b3 c5 14. Be2 cxd4
15. Nxd4 Bxd4 16. exd4 Qc7 17. Rc1 Rb6 18. Qa3 Rc6 19. O-O Rxc3 20. Rxc3 Qxc3
21. Qxe7 Qxd4 22. Rd1 Qc3 23. Qxa7 Be4 24. Qd4 Qc2 25. Qd2 Qc6 26. f3 Qc5+ 27.
Qd4 Qc2 28. Rd2 Qc1+ 29. Kf2 Bb1 30. Bb5 h5 31. h4 $138 1-0

[Event "Frankfurt Ch A 2018"]
[Site "Ffm-Höchst, BiKuZ"]
[Date "2018.05.28"]
[Round "4.16"]
[White "Zweschper, Erich"]
[Black "Gutacker, Stephan"]
[Result "1-0"]
[WhiteElo "2007"]
[BlackElo "1854"]
[PlyCount "53"]
[EventDate "2018.??.??"]
[WhiteTeam "SV Kelsterbach"]
[BlackTeam "Sfr. Kelkheim"]

1. d4 Nf6 2. Bg5 b6 3. f3 Ba6 4. Nc3 d5 5. Qd2 e6 6. Nh3 Nbd7 7. e4 Bxf1 8.
Rxf1 h6 9. Bf4 Bb4 10. e5 Nh5 11. Be3 g5 12. a3 Be7 13. g3 c5 14. f4 cxd4 15.
Bxd4 gxf4 16. Qe2 Ng7 17. Nxf4 Nf5 18. Bg1 d4 19. Nb5 Qb8 20. Nd5 Bd8 21. Rxf5
exf5 22. Nd6+ Kf8 23. Bxd4 Rh7 24. Qh5 Bg5 25. h4 Nf6 26. Nxf6 Bxf6 27. Qxf5
1-0

[Event "Frankfurt Ch A 2018"]
[Site "Ffm-Höchst, BiKuZ"]
[Date "2018.05.28"]
[Round "4.17"]
[White "Gräbner, Walter"]
[Black "Bennedik, Martin"]
[Result "1/2-1/2"]
[WhiteElo "1874"]
[BlackElo "2006"]
[PlyCount "75"]
[EventDate "2018.??.??"]
[WhiteTeam "SC Nied"]
[BlackTeam "SV Frankfurt Nord"]

1. d4 Nf6 2. Nf3 g6 3. g3 Bg7 4. Bg2 O-O 5. O-O d6 6. d5 e6 7. c4 exd5 8. cxd5
Nbd7 9. Nc3 Re8 10. Be3 Rxe3 11. fxe3 Ng4 12. Qd2 Bh6 13. Nd1 Qe7 14. Qc3 Nc5
15. h3 Ne4 16. Qe1 Ngf6 17. Nd2 Nxd2 18. Qxd2 Ne4 19. Bxe4 Qxe4 20. Kh2 c5 21.
Rf3 Bf5 22. Nc3 Qe5 23. Raf1 Re8 24. Rxf5 gxf5 25. Qd3 Bxe3 26. Rxf5 Qd4 27.
Qb1 a6 28. Rh5 h6 29. Rh4 Qf6 30. Ne4 Qf5 31. Qd3 Bg5 32. Rg4 Qf1 33. h4 f5 34.
Rxg5+ hxg5 35. Nf6+ Kf7 36. Nxe8 Qf2+ 37. Kh1 Qf1+ 38. Kh2 1/2-1/2

[Event "Frankfurt Ch A 2018"]
[Site "Ffm-Höchst, BiKuZ"]
[Date "2018.05.28"]
[Round "4.18"]
[White "Müller, Pascal"]
[Black "Nagelsdiek, Ralf"]
[Result "1/2-1/2"]
[WhiteElo "1800"]
[BlackElo "1991"]
[PlyCount "59"]
[EventDate "2018.??.??"]
[WhiteTeam "Schachforum Darmstadt"]
[BlackTeam "SC Bad Soden"]

1. d3 d5 2. Nf3 g6 3. g3 Bg7 4. Nbd2 d4 5. Bg2 Nc6 6. e4 e6 7. a4 Nge7 8. Nc4
b6 9. O-O O-O 10. Nh4 Bb7 11. f4 f5 12. Nf3 Qc8 13. Bd2 a6 14. Qe2 fxe4 15.
dxe4 Qd7 16. Rad1 Nd8 17. Bb4 Re8 18. Nce5 Qxa4 19. Bxe7 Rxe7 20. Rxd4 Qe8 21.
Rd2 Nf7 22. Nxf7 Rxf7 23. e5 Bh6 24. Rfd1 c5 25. Rd6 b5 26. Nh4 Bf8 27. Bxb7
Rxb7 28. Qe4 Rc7 29. Rxe6 Qxe6 30. Qxa8 1/2-1/2

[Event "Frankfurt Ch A 2018"]
[Site "Ffm-Höchst, BiKuZ"]
[Date "2018.05.28"]
[Round "4.19"]
[White "Balzereit, Georg"]
[Black "Schreiner, Roland"]
[Result "0-1"]
[WhiteElo "1631"]
[BlackElo "1968"]
[PlyCount "52"]
[EventDate "2018.??.??"]
[WhiteTeam "vereinslos"]
[BlackTeam "SC Heusenstamm"]

1. e4 d6 2. d4 Nf6 3. Nc3 g6 4. Be3 c6 5. Qd2 b5 6. f3 Bb7 7. g4 Qa5 8. h4 h5
9. g5 Nfd7 10. f4 Nb6 11. Nf3 Nc4 12. Bxc4 bxc4 13. O-O Nd7 14. Qe2 d5 15. Ne5
Nxe5 16. fxe5 Bc8 17. Bd2 Qb6 18. Be3 Bh3 19. Rxf7 Kxf7 20. Qf3+ Ke8 21. Qxh3
Qxb2 22. Rb1 Qxc3 23. Rb7 Qe1+ 24. Kg2 Qe2+ 25. Kh1 Qg4 26. Qf1 Qxe4+ 0-1

[Event "Frankfurt Ch A 2018"]
[Site "Ffm-Höchst, BiKuZ"]
[Date "2018.05.28"]
[Round "4.20"]
[White "Hinz, André"]
[Black "Pfeffer, Marko"]
[Result "0-1"]
[WhiteElo "1746"]
[BlackElo "1967"]
[PlyCount "74"]
[EventDate "2018.??.??"]
[WhiteTeam "SC Brett vorm Kopp"]
[BlackTeam "SC Bergen-Enkheim"]

1. c4 f5 2. g3 Nf6 3. Bg2 d6 4. Nc3 e5 5. d4 Nc6 6. Bxc6+ bxc6 7. dxe5 dxe5 8.
Qxd8+ Kxd8 9. Nf3 Nd7 10. Bg5+ Ke8 11. O-O-O h6 12. Bd2 Bc5 13. e4 Rf8 14. Nh4
fxe4 15. Nxe4 Bxf2 16. Bc3 Be3+ 17. Kb1 c5 18. Rhe1 Bd4 19. Ba5 Nb6 20. Bxb6
axb6 21. Rf1 Bg4 22. Rxf8+ Kxf8 23. Rf1+ Kg8 24. Nf3 Rf8 25. Nfd2 Rxf1+ 26.
Nxf1 Bf5 27. Nfd2 Be3 28. Ka1 Kf7 29. a3 Ke6 30. Ka2 Bxe4 31. Nxe4 Kf5 32. Nc3
c6 33. h3 Bf2 34. g4+ Kf4 35. Kb3 Kf3 36. Kc2 Bd4 37. Nd1 Kg3 0-1

[Event "Frankfurt Ch A 2018"]
[Site "Ffm-Höchst, BiKuZ"]
[Date "2018.05.28"]
[Round "4.21"]
[White "Krüger, Till"]
[Black "Knödler, Marcel"]
[Result "1-0"]
[WhiteElo "1956"]
[BlackElo "1672"]
[PlyCount "49"]
[EventDate "2018.??.??"]
[WhiteTeam "SC Nidderau"]
[BlackTeam "FC Bierstadt"]

1. e4 c6 2. c4 g6 3. d4 Bg7 4. Nf3 e6 5. Nc3 Ne7 6. Bd3 a6 7. Be3 d5 8. Qd2 b5
9. b3 Bb7 10. Bh6 Kf8 11. c5 a5 12. exd5 exd5 13. O-O Bc8 14. Nh4 Ng8 15. Bxg7+
Kxg7 16. Nf3 Qf6 17. Rae1 Ne7 18. Ne5 Bf5 19. Re3 Bxd3 20. Rxd3 Qe6 21. Re1 Re8
22. Nxg6 Nxg6 23. Rxe6 fxe6 24. h4 Ra7 25. h5 1-0

[Event "Frankfurt Ch A 2018"]
[Site "Ffm-Höchst, BiKuZ"]
[Date "2018.05.28"]
[Round "4.22"]
[White "Schmidt, Markus"]
[Black "Stärke, Karsten"]
[Result "1-0"]
[WhiteElo "2034"]
[BlackElo "1804"]
[PlyCount "83"]
[EventDate "2018.??.??"]
[WhiteTeam "SK Turm Bad Hersfeld"]
[BlackTeam "SC Matt im Park"]

1. Nf3 Nf6 2. c4 c5 3. Nc3 e6 4. g3 b6 5. Bg2 Bb7 6. O-O Be7 7. Re1 O-O 8. e4
d6 9. d4 cxd4 10. Nxd4 a6 11. b3 Nbd7 12. Bb2 Rc8 13. Qd2 Qc7 14. Rac1 Qb8 15.
Na4 Qa8 16. Qe2 Rfe8 17. f4 e5 18. fxe5 dxe5 19. Nf5 Bf8 20. Rcd1 Qa7 21. Kh1
b5 22. Nc3 bxc4 23. bxc4 Qc5 24. Ne3 Nb6 25. Ncd5 Nxc4 26. Nxf6+ gxf6 27. Ng4
Bg7 28. Bc1 Kh8 29. Rf1 Qe7 30. Bh6 Bxh6 31. Nxh6 Rc6 32. Rc1 Rec8 33. Bh3 R8c7
34. Nf5 Qf8 35. Rfd1 Na3 36. Rxc6 Rxc6 37. Qg4 Rc8 38. Qh4 Rc6 39. Qg4 Rc8 40.
Qh4 Rc6 41. Ne3 Nb5 42. Bf5 1-0

[Event "Frankfurt Ch A 2018"]
[Site "Ffm-Höchst, BiKuZ"]
[Date "2018.05.28"]
[Round "4.23"]
[White "Rauscher, Joachim"]
[Black "Bischoff, Ulrich"]
[Result "0-1"]
[WhiteElo "1712"]
[BlackElo "1991"]
[PlyCount "96"]
[EventDate "2018.??.??"]
[WhiteTeam "SC Brett vorm Kopp"]
[BlackTeam "Sfr. Erbach"]

1. e4 c5 2. Nf3 Nc6 3. d4 cxd4 4. Nxd4 e6 5. Nc3 Qc7 6. Be3 a6 7. a3 Nf6 8. Be2
Be7 9. O-O O-O 10. Qd2 b5 11. Na2 Nxe4 12. Qd1 Bb7 13. f3 Nf6 14. Kh1 Rac8 15.
c4 bxc4 16. Rc1 d5 17. Bf2 Rfd8 18. Bg3 Bd6 19. Bh4 Be5 20. Nxc6 Bxc6 21. f4
Bxb2 22. Rb1 Bxa3 23. Bxf6 gxf6 24. Qd4 Be7 25. Rf3 Rb8 26. Rg3+ Kh8 27. Rxb8
Qxb8 28. Nc3 Rg8 29. Rh3 Rg7 30. Rh5 e5 31. fxe5 fxe5 32. Rxe5 Bf6 33. Re8+
Qxe8 34. Qxf6 Kg8 35. Bf1 Rg6 36. Qf4 Qe6 37. Ne2 Qf6 38. Qb8+ Kg7 39. Ng3 Rg5
40. Qb1 Qg6 41. Qb2+ Qf6 42. Qc1 h5 43. Be2 Qe5 44. Bf3 h4 45. Nh5+ Rxh5 46.
Bxh5 Qxh5 47. Qc3+ Kg6 48. Qc2+ Qf5 0-1

[Event "Frankfurt Ch A 2018"]
[Site "Ffm-Höchst, BiKuZ"]
[Date "2018.05.28"]
[Round "4.24"]
[White "Kuban, Günther"]
[Black "Kautz, Thomas"]
[Result "1-0"]
[WhiteElo "1967"]
[BlackElo "1763"]
[PlyCount "97"]
[EventDate "2018.??.??"]
[WhiteTeam "SV Oberursel"]
[BlackTeam "SK Niederbrechen"]

1. d4 g6 2. c4 Bg7 3. Nc3 Nf6 4. e4 d6 5. Be3 c6 6. Qd2 Nbd7 7. f3 O-O 8. g4 a6
9. h4 h5 10. g5 Nh7 11. f4 b5 12. Nf3 bxc4 13. Bxc4 Nb6 14. Bb3 a5 15. Na4 Bg4
16. O-O Bd7 17. Rac1 Qb8 18. Rf2 Qb7 19. Qd3 Rab8 20. Nxb6 Qxb6 21. f5 gxf5 22.
exf5 Qb4 23. Bc2 Qb5 24. Qe4 Qd5 25. f6 Qxe4 26. Bxe4 exf6 27. Bxc6 Bxc6 28.
Rxc6 fxg5 29. Rxd6 g4 30. Ng5 Rfe8 31. Bf4 Rb4 32. Nxh7 Kxh7 33. Be5 f6 34.
Bxf6 g3 35. Rd2 Bh6 36. Bg5 Bxg5 37. hxg5 h4 38. Rh6+ Kg7 39. Rxh4 Re3 40. Kg2
Kg6 41. Rg4 Kf5 42. Rxg3 Rxg3+ 43. Kxg3 Kxg5 44. Kf3 Kf5 45. Ke3 Ra4 46. a3 Ke6
47. Rc2 Kd6 48. Kd3 Kd7 49. Rc4 1-0

[Event "Frankfurt Ch A 2018"]
[Site "Ffm-Höchst, BiKuZ"]
[Date "2018.05.28"]
[Round "4.25"]
[White "Stuhlmann, Florian"]
[Black "Rutsatz, Mario"]
[Result "1/2-1/2"]
[WhiteElo "1699"]
[BlackElo "1941"]
[PlyCount "53"]
[EventDate "2018.??.??"]
[WhiteTeam "SC Lindenholzhausen"]
[BlackTeam "SF Frankfurt"]

1. d4 Nf6 2. c4 c5 3. d5 b5 4. cxb5 a6 5. bxa6 g6 6. Nc3 Bxa6 7. g3 d6 8. Bg2
Bg7 9. Nf3 Nfd7 10. O-O Nb6 11. Re1 N8d7 12. Bf4 O-O 13. e4 Nc4 14. Qc1 Nde5
15. Nxe5 Nxe5 16. Bxe5 Bxe5 17. Bf1 Bxf1 18. Rxf1 Qb6 19. a4 Qb4 20. Qc2 Rfb8
21. Ra2 Qc4 22. Rc1 Rb4 23. a5 Rb3 24. Ra4 Rb4 25. Ra2 Rb7 26. Ra4 Rb4 27. Ra2
1/2-1/2

[Event "Frankfurt Ch A 2018"]
[Site "Ffm-Höchst, BiKuZ"]
[Date "2018.05.28"]
[Round "4.26"]
[White "Kuckel, Michael"]
[Black "Thomas, Norbert"]
[Result "0-1"]
[WhiteElo "1696"]
[BlackElo "1915"]
[PlyCount "96"]
[EventDate "2018.??.??"]
[WhiteTeam "SC Matt im Park"]
[BlackTeam "SC Frankfurt-West"]

1. d4 d6 2. Nf3 Bg4 3. Nbd2 Nf6 4. g3 Nbd7 5. Bg2 c6 6. c4 e5 7. dxe5 dxe5 8.
Qc2 Be7 9. b3 Qc7 10. Bb2 O-O 11. O-O Rfe8 12. Ne4 Bh5 13. Nxf6+ Bxf6 14. e4
Nc5 15. Rad1 a5 16. Rd2 Ne6 17. Re1 b6 18. a3 Rad8 19. Re3 Bxf3 20. Rxf3 Be7
21. Rfd3 Rxd3 22. Rxd3 Bc5 23. Qd1 Bd4 24. Bc1 Qe7 25. Qg4 Kh8 26. Bh3 g6 27.
Qd1 Qc5 28. Qf3 Qe7 29. Bxe6 Qxe6 30. Bg5 Kg7 31. Qd1 a4 32. Qc1 f5 33. exf5
Qxf5 34. Qd2 axb3 35. Rxb3 Kg8 36. h4 Rf8 37. Be3 Rd8 38. Qe2 Qe4 39. Kh2 Rf8
40. Kg1 Rf3 41. Qd2 h6 42. Kf1 g5 43. hxg5 hxg5 44. Bxg5 Rxb3 45. Bf6 Qg6 46.
Bh4 Rb1+ 47. Qd1 Rxd1+ 48. Kg2 Qe4+ 0-1

[Event "Frankfurt Ch A 2018"]
[Site "Ffm-Höchst, BiKuZ"]
[Date "2018.05.28"]
[Round "4.27"]
[White "Li, Maxim"]
[Black "Diehl, Stefan"]
[Result "1-0"]
[WhiteElo "1910"]
[BlackElo "1725"]
[PlyCount "43"]
[EventDate "2018.??.??"]
[WhiteTeam "Wiesbadener SV"]
[BlackTeam "SC Höchst"]

1. e4 d5 2. exd5 Qxd5 3. Nc3 Qa5 4. d4 Nf6 5. Nf3 Bf5 6. Bc4 e6 7. Bd2 c6 8.
Nd5 Qd8 9. Nxf6+ gxf6 10. Bb3 Nd7 11. Qe2 Qc7 12. Nh4 Bg6 13. O-O-O O-O-O 14.
g3 Nb6 15. Ba5 Re8 16. Rhe1 Qd6 17. f4 Qd7 18. Bxb6 axb6 19. d5 Bb4 20. dxe6
Qe7 21. c3 Qc5 22. Qc4 1-0

[Event "Frankfurt Ch A 2018"]
[Site "Ffm-Höchst, BiKuZ"]
[Date "2018.05.28"]
[Round "4.28"]
[White "Ackermann, Robert"]
[Black "Zimmer, Gerald"]
[Result "1/2-1/2"]
[WhiteElo "1666"]
[BlackElo "1904"]
[PlyCount "120"]
[EventDate "2018.??.??"]
[WhiteTeam "SC Bad Soden"]
[BlackTeam "SC Bergen-Enkheim"]

1. Nf3 e6 2. c4 d5 3. g3 Nf6 4. Bg2 Bd6 5. O-O O-O 6. Nc3 c6 7. d3 Nbd7 8. a3
a5 9. Rb1 Qe7 10. Bd2 Rd8 11. e3 b6 12. Ne2 Nc5 13. Qc2 dxc4 14. dxc4 Bb7 15.
Nfd4 Qc7 16. b4 axb4 17. axb4 Ncd7 18. Nc3 e5 19. Nf5 Bf8 20. e4 Ne8 21. b5
Ndf6 22. Bg5 h6 23. Bxf6 Nxf6 24. bxc6 Bxc6 25. Nd5 Bxd5 26. exd5 Rac8 27. Ne3
Bc5 28. Qb3 Ne8 29. Nf5 Nd6 30. Nxd6 Qxd6 31. Be4 Bd4 32. Rbc1 Ra8 33. Rb1 Ra5
34. Rbd1 Rda8 35. Bb1 g6 36. Kg2 Ra3 37. Qb5 R3a5 38. Qb3 Qc5 39. f4 Ra3 40.
Qb5 Qd6 41. Qc6 Qxc6 42. dxc6 Rc3 43. Rc1 Rxc1 44. Rxc1 exf4 45. Rd1 Be5 46.
Rd7 Rc8 47. Be4 Rc7 48. Rd8+ Kg7 49. Kf3 fxg3 50. hxg3 h5 51. Bd5 Kf6 52. Re8
Bd6 53. Re4 Re7 54. Rd4 Bc7 55. Rd2 Re5 56. Rd3 Rg5 57. Kg2 h4 58. Rf3+ Rf5 59.
gxh4 Rxf3 60. Kxf3 Kg7 1/2-1/2

[Event "Frankfurt Ch A 2018"]
[Site "Ffm-Höchst, BiKuZ"]
[Date "2018.05.28"]
[Round "4.29"]
[White "Hierling, Stefan"]
[Black "Wagner, Günter"]
[Result "1-0"]
[WhiteElo "1901"]
[BlackElo "1687"]
[PlyCount "100"]
[EventDate "2018.??.??"]
[WhiteTeam "VSG Offenbach"]
[BlackTeam "SV Groß-Gerau"]

1. e4 d6 2. d4 Nf6 3. Nc3 g6 4. Nf3 Bg7 5. h3 O-O 6. Be3 Na6 7. Bxa6 bxa6 8.
O-O Rb8 9. Rb1 Bb7 10. Qd3 c6 11. Nd2 Qc7 12. Nb3 Rfd8 13. Rbd1 a5 14. Rfe1 Nd7
15. Bc1 c5 16. dxc5 Nxc5 17. Nxc5 Qxc5 18. Na4 Qc6 19. b3 Rf8 20. Bb2 Bxb2 21.
Nxb2 Rbd8 22. c4 e6 23. f3 d5 24. exd5 exd5 25. Qe3 dxc4 26. Rxd8 Rxd8 27. Nxc4
a4 28. Qxa7 axb3 29. axb3 Ra8 30. Qd4 Qd5 31. Qxd5 Bxd5 32. Nb6 Ra5 33. b4 Rb5
34. Nxd5 Rxd5 35. Re8+ Kg7 36. Rb8 Rd2 37. b5 Kf6 38. b6 Rb2 39. b7 h5 40. h4
Kf5 41. g3 Kf6 42. Kf1 Kf5 43. Ke1 Kf6 44. Kd1 Ke7 45. Kc1 Rb6 46. Kd2 Kd7 47.
Rf8 Rxb7 48. Rxf7+ Kc8 49. Rxb7 Kxb7 50. Ke3 Kc6 1-0

[Event "Frankfurt Ch A 2018"]
[Site "Ffm-Höchst, BiKuZ"]
[Date "2018.05.28"]
[Round "4.30"]
[White "John, Volkmar"]
[Black "Hochmuth, Christian"]
[Result "0-1"]
[WhiteElo "1611"]
[BlackElo "1896"]
[PlyCount "112"]
[EventDate "2018.??.??"]
[WhiteTeam "SK Herborn"]
[BlackTeam "SG Wächtersbach"]

1. e4 c6 2. d4 d5 3. exd5 cxd5 4. Bd3 Nc6 5. c3 Qc7 6. h3 g6 7. Nf3 Nf6 8. Qe2
Bg7 9. O-O O-O 10. Re1 Bf5 11. Bxf5 gxf5 12. Bg5 e6 13. Nbd2 Ne4 14. Qe3 Kh8
15. Bf4 Qe7 16. Ne5 Rg8 17. Nxc6 bxc6 18. Nxe4 fxe4 19. f3 f5 20. Rab1 Bf6 21.
Kh2 Rg6 22. Rg1 e5 23. dxe5 Bxe5 24. b4 Bxf4+ 25. Qxf4 Qd6 26. Qxd6 Rxd6 27.
Rge1 Kg7 28. Kg3 Rg6+ 29. Kf2 Kf6 30. Re2 Rag8 31. Rg1 exf3 32. Kxf3 Rg3+ 33.
Kf2 Rxc3 34. Rge1 Rb8 35. Re6+ Kg5 36. Re7 Rxb4 37. Rg7+ Kf6 38. Ree7 Rb2+ 39.
Kg1 Rc1+ 40. Kh2 Rxa2 41. Rgf7+ Kg5 42. Re5 Rf1 43. h4+ Kxh4 44. Rxh7+ Kg4 45.
Rg7+ Kf4 46. Rxf5+ Kxf5 47. Rf7+ Kg4 48. Rxf1 d4 49. Rc1 d3 50. Rxc6 d2 51. Rd6
a5 52. Rd3 a4 53. Rd4+ Kf5 54. Kg3 a3 55. Kf3 Rb2 56. Ke2 a2 0-1

[Event "Frankfurt Ch A 2018"]
[Site "Ffm-Höchst, BiKuZ"]
[Date "2018.05.28"]
[Round "4.31"]
[White "Varma, Christopher"]
[Black "Steiz, Johann"]
[Result "1/2-1/2"]
[WhiteElo "1816"]
[BlackElo "1681"]
[PlyCount "55"]
[EventDate "2018.??.??"]
[WhiteTeam "SC Bad Nauheim"]
[BlackTeam "SV Dormagen"]

1. e4 e6 2. d4 d5 3. Nc3 Nc6 4. e5 f6 5. exf6 Nxf6 6. Nf3 Bd7 7. Bf4 Bb4 8. Bd3
O-O 9. Bg5 Qe8 10. O-O Qh5 11. Bxf6 Rxf6 12. Ne5 Qxd1 13. Raxd1 Nxe5 14. dxe5
Rf7 15. Ne2 Raf8 16. c3 Bc5 17. Nd4 Bb6 18. Nf3 g6 19. Rd2 Kg7 20. c4 c6 21. b4
Bd8 22. Rb1 a6 23. a4 Be8 24. b5 axb5 25. Nd4 Bd7 26. cxd5 cxd5 27. Bxb5 Bc8
28. Bd3 1/2-1/2

[Event "Frankfurt Ch A 2018"]
[Site "Ffm-Höchst, BiKuZ"]
[Date "2018.05.28"]
[Round "4.32"]
[White "Stricker, Konstantin"]
[Black "Adair, Robin"]
[Result "0-1"]
[WhiteElo "1645"]
[BlackElo "1811"]
[PlyCount "164"]
[EventDate "2018.??.??"]
[WhiteTeam "SC Eschbach"]
[BlackTeam "SC Nidderau"]

1. e4 c5 2. Nf3 Nc6 3. d4 cxd4 4. Nxd4 Nf6 5. Nc3 e5 6. Ndb5 d6 7. Nd5 Nxd5 8.
exd5 Nb8 9. c4 Be7 10. Bd3 O-O 11. O-O f5 12. f3 Nd7 13. Be3 a6 14. Nc3 g6 15.
b3 Bf6 16. Rc1 b6 17. Rc2 Nc5 18. Be2 a5 19. Nb5 f4 20. Bxc5 bxc5 21. Bd3 g5
22. Nc3 Ra7 23. Ne4 Rg7 24. Nf2 h5 25. h3 a4 26. Re1 axb3 27. axb3 Bd7 28. Ra2
Qc8 29. Be2 Kh8 30. Ra7 Rfg8 31. Ne4 Be7 32. Nf2 Bf5 33. Kh2 Qb8 34. Ra2 Qb4
35. Rh1 Rb8 36. Rb2 Rh7 37. Bd3 Bxd3 38. Qxd3 Rg8 39. g4 fxg3+ 40. Kxg3 Rf7 41.
Ne4 Rgf8 42. Rf2 Qb8 43. Rhf1 Rf4 44. Kg2 Qc8 45. Ng3 Rg8 46. Rh1 h4 47. Ne2
Rf7 48. Ra1 Qf8 49. Raf1 Qg7 50. Nc3 Qh6 51. Ne2 Rgf8 52. Nc3 Rf5 53. Ne2 Bd8
54. Nc3 Ba5 55. Ne2 Qf6 56. Ng1 Rf4 57. Ne2 e4 58. Qe3 Bd2 59. Qxd2 exf3+ 60.
Kg1 fxe2 61. Qxe2 Rxf2 62. Rxf2 Qxf2+ 63. Qxf2 Rxf2 64. Kxf2 Kg7 65. Kf3 Kf6
66. Kg2 Ke5 67. Kf3 Kf5 68. Kg2 Ke4 69. Kf2 Kf4 70. b4 cxb4 71. c5 b3 72. c6 b2
73. c7 b1=Q 74. c8=Q Qa2+ 75. Ke1 Qa1+ 76. Kd2 Qd4+ 77. Kc2 Qxd5 78. Qg4+ Ke3
79. Qg1+ Ke2 80. Qh2+ Kf1 81. Kc3 Qe5+ 82. Qxe5 dxe5 0-1

[Event "Frankfurt Ch A 2018"]
[Site "Ffm-Höchst, BiKuZ"]
[Date "2018.05.28"]
[Round "4.33"]
[White "Menning, Uwe"]
[Black "Merten, Rainer"]
[Result "1/2-1/2"]
[WhiteElo "1810"]
[BlackElo "1670"]
[PlyCount "71"]
[EventDate "2018.??.??"]
[WhiteTeam "FC Bierstadt"]
[BlackTeam "SV Frankfurt Nord"]

1. d4 d5 2. Nf3 Nf6 3. c4 e6 4. Nc3 c6 5. cxd5 exd5 6. Bg5 Be7 7. e3 Bf5 8. Bd3
Bxd3 9. Qxd3 Nbd7 10. O-O h6 11. Bxf6 Nxf6 12. Rfb1 O-O 13. b4 a6 14. a4 Qc7
15. Qc2 Rfc8 16. Qb3 Bd6 17. g3 Qd7 18. b5 axb5 19. axb5 Rxa1 20. Rxa1 Qf5 21.
Kg2 g5 22. Ra7 g4 23. Ne1 Ne4 24. Nxe4 Qxe4+ 25. Kg1 c5 26. dxc5 Rxc5 27. Ra1
Be5 28. Rb1 b6 29. Qd3 Qa4 30. Qf5 Bg7 31. Nd3 Qc2 32. Rb4 Rc4 33. Rxc4 dxc4
34. Qc8+ Kh7 35. Qf5+ Kg8 36. Qc8+ 1/2-1/2

[Event "Frankfurt Ch A 2018"]
[Site "Ffm-Höchst, BiKuZ"]
[Date "2018.05.28"]
[Round "4.34"]
[White "Bittner, Peter"]
[Black "Mühlbach, Christian"]
[Result "1/2-1/2"]
[WhiteElo "1798"]
[BlackElo "1641"]
[PlyCount "101"]
[EventDate "2018.??.??"]
[WhiteTeam "SC Nied"]
[BlackTeam "SK Langen"]

1. e4 c5 2. Nf3 Nc6 3. c3 d5 4. e5 Bg4 5. Bb5 Qc7 6. d4 e6 7. O-O Nge7 8. h3
Bh5 9. Re1 Nc8 10. Nbd2 a6 11. Bxc6+ bxc6 12. Nf1 Be7 13. Ng3 Bg6 14. Be3 c4
15. b4 Nb6 16. Re2 O-O 17. Bg5 Bd3 18. Re3 a5 19. Bxe7 Qxe7 20. a3 Ra7 21. Ne1
Bg6 22. Ne2 h6 23. Nf4 Be4 24. Rg3 Rfa8 25. Qh5 Kf8 26. Qg4 Qg5 27. Nh5 Qxg4
28. hxg4 axb4 29. cxb4 Na4 30. Re3 Nb2 31. f3 Bh7 32. Rc3 Ra4 33. Nc2 Bxc2 34.
Rxc2 Nd3 35. Ng3 Rxb4 36. Kf1 Rb3 37. a4 c5 38. Ne2 cxd4 39. Nxd4 Rb4 40. a5
Nxe5 41. Ke2 Nd3 42. g3 Rb2 43. Rxb2 Nxb2 44. Kd2 Nd3 45. Kc3 Ke7 46. f4 Nc5
47. Kb4 Kd6 48. Nb5+ Kc6 49. Nd4+ Kd6 50. Nb5+ Kc6 51. Nd4+ 1/2-1/2

[Event "Frankfurt Ch A 2018"]
[Site "Ffm-Höchst, BiKuZ"]
[Date "2018.05.28"]
[Round "4.35"]
[White "Bergmann, Michael"]
[Black "Münstermann, Matthias"]
[Result "0-1"]
[WhiteElo "1787"]
[BlackElo "1623"]
[PlyCount "96"]
[EventDate "2018.??.??"]
[WhiteTeam "SF Frankfurt"]
[BlackTeam "SK Langen"]

1. e4 c5 2. Nf3 Nc6 3. Bb5 d6 4. O-O Bd7 5. Re1 g6 6. c3 Bg7 7. Ba4 e6 8. d3
Nge7 9. Bf4 e5 10. Be3 O-O 11. Nbd2 a6 12. Bb3 b5 13. a4 h6 14. Nf1 Kh7 15. Ng3
f5 16. exf5 Nxf5 17. Nxf5 Bxf5 18. Bd5 Bd7 19. Nd2 Rb8 20. axb5 axb5 21. Qc2
Ne7 22. Bf3 Nf5 23. Ne4 Nxe3 24. Rxe3 Be6 25. Ree1 Qc7 26. c4 b4 27. b3 Rf7 28.
Ra6 Rb6 29. Rea1 Rxa6 30. Rxa6 Rd7 31. Qa2 Bf5 32. g4 Bxe4 33. Bxe4 Qd8 34. Qd2
Qf6 35. f3 Qe7 36. Kg2 Bf6 37. f4 exf4 38. Qxf4 Be5 39. Qf2 Qg5 40. h3 Kg7 41.
Bd5 Bd4 42. Qa2 Qe3 43. h4 Qg1+ 44. Kh3 Bf2 45. Bg2 Qe1 46. Ra7 Qe3+ 47. Kh2
Qg3+ 48. Kh1 Qxh4+ 0-1